| 000 | 00668nam a2200241 a 4500 | ||
|---|---|---|---|
| 008 | |||
| 020 | _a0412341506 (pbk.) | ||
| 049 | _aMAIN | ||
| 090 |
_aTA403 _bMAT |
||
| 245 | 0 | 0 |
_aMaterials science / _cJ.C. Anderson ... [et al.] |
| 250 | _a4th ed. | ||
| 260 |
_aLondon : _bChapman and Hall , _c1990. |
||
| 300 |
_axvi, 608 p. : _bill. ; _c24 cm. |
||
| 504 | _aIncludes bibliographical references. | ||
| 500 | _aIncludes index. | ||
| 650 | 0 | _aMaterials. | |
| 700 | 1 | _aAnderson, J.C. | |
| 907 |
_a.b10134451 _b17-09-12 _c01-09-04 |
||
| 003 | |||
| 005 | 20230123134040.0 | ||
| 040 | _cNUST | ||
| 942 |
_cBOOKS _kTA403 _mMAT |
||
| 999 |
_c159120 _d159120 |
||